[Event "Krasnodar op"]
[Site "Krasnodar"]
[Date "1996.??.??"]
[Round "9"]
[White "Balashov, Yuri S"]
[Black "Kozel, Roman"]
[Result "1-0"]
[WhiteElo "2480"]
[BlackElo "2365"]
[PlyCount "87"]
[EventDate "1996.??.??"]
[EventType "swiss"]
[EventRounds "11"]
[EventCountry "RUS"]
[SourceTitle "EXT 2000"]
[Source "ChessBase"]
[SourceDate "1999.11.16"]
[SourceVersion "1"]
[SourceVersionDate "1999.11.16"]
[SourceQuality "1"]

1. c4 Nf6 2. d4 g6 3. Nc3 Bg7 4. e4 O-O 5. Nge2 d6 6. f3 c5 7. d5 Nbd7 8. Ng3
a6 9. a4 Ne8 10. Be3 e5 11. Bd3 Bf6 12. Qd2 Ng7 13. Bh6 Bh4 14. O-O f6 15. f4
exf4 16. Qxf4 Bxg3 17. Qxg3 Ne5 18. Be2 Bd7 19. Rf2 Qe7 20. Raf1 Rf7 21. h3 Kh8
22. b3 Rg8 23. Bd2 Rgf8 24. Nd1 Ne8 25. a5 Qd8 26. b4 Qc7 27. Qa3 cxb4 28. Qxb4
g5 29. Ne3 Ng6 30. Qb6 Qxb6 31. axb6 Re7 32. Bd3 Nf4 33. Bb1 Rg8 34. Kh2 h5 35.
g3 Nxh3 36. Rxf6 Nxf6 37. Bc3 Rf8 38. Bxf6+ Rxf6 39. Rxf6 g4 40. Rxd6 Ng5 41.
c5 Nf7 42. Rf6 Kg7 43. Rf2 Nd8 44. Nc4 1-0

[Event "Moscow-D"]
[Site "Moscow"]
[Date "1996.??.??"]
[Round "?"]
[White "Lomineishvili, Maia"]
[Black "Balashov, Yuri S"]
[Result "0-1"]
[WhiteElo "2305"]
[BlackElo "2480"]
[PlyCount "124"]
[EventDate "1996.??.??"]
[EventType "tourn"]
[EventRounds "11"]
[EventCountry "RUS"]
[EventCategory "8"]
[SourceTitle "EXT 1998"]
[Source "ChessBase"]
[SourceDate "1997.11.17"]
[SourceVersion "1"]
[SourceVersionDate "1997.11.17"]
[SourceQuality "1"]

1. d4 Nf6 2. c4 e6 3. Nc3 Bb4 4. e3 d5 5. cxd5 exd5 6. Bd3 O-O 7. Nge2 Re8 8.
O-O c6 9. f3 Ba5 10. Qe1 Nbd7 11. Qf2 c5 12. g4 cxd4 13. exd4 Nf8 14. Ng3 Ne6
15. Be3 Bc7 16. Nce2 h6 17. h4 Nh7 18. Kg2 Qxh4 19. Rh1 Qf6 20. f4 Nef8 21. Nf5
Bxf5 22. Bxf5 g6 23. Bd3 Qe6 24. Kf3 Nf6 25. f5 Qxe3+ 26. Qxe3 Rxe3+ 27. Kxe3
Nxg4+ 28. Kf3 h5 29. Nc3 Bb6 30. fxg6 fxg6 31. Bxg6 Nxg6 32. Rxh5 Nf6 33. Rg5
Kf7 34. Nxd5 Bxd4 35. Nxf6 Kxf6 36. Rb5 b6 37. Rf1 Bc5 38. Rb3 Rd8 39. Ke2+ Ke5
40. Rbf3 Rh8 41. Kd3 Kd5 42. Kc2 Rh2+ 43. Kb1 Ne5 44. Rc3 Nc4 45. Rd1+ Bd4 46.
Rcd3 Rxb2+ 47. Kc1 Rxa2 48. Rxd4+ Kc5 49. Kb1 Rh2 50. Rd7 a5 51. Rc7+ Kb4 52.
Rd4 b5 53. Rdxc4+ bxc4 54. Rb7+ Kc3 55. Rg7 Rh1+ 56. Ka2 Rd1 57. Rg5 Kc2 58.
Rxa5 Rd8 59. Ka3 c3 60. Rh5 Ra8+ 61. Kb4 Kb2 62. Rh3 Rb8+ 0-1

[Event "Staufer op 08th"]
[Site "Schwaebisch Gmuend"]
[Date "1996.??.??"]
[Round "3"]
[White "Hoffmann, Michael"]
[Black "Balashov, Yuri S"]
[Result "0-1"]
[WhiteElo "2460"]
[BlackElo "2480"]
[PlyCount "72"]
[EventDate "1996.01.??"]
[EventType "swiss"]
[EventRounds "9"]
[EventCountry "GER"]
[SourceTitle "EXT 1998"]
[Source "ChessBase"]
[SourceDate "1997.11.17"]
[SourceVersion "1"]
[SourceVersionDate "1997.11.17"]
[SourceQuality "1"]

1. Nf3 c5 2. c4 Nc6 3. g3 g6 4. Bg2 Bg7 5. O-O Nh6 6. Nc3 Nf5 7. d3 O-O 8. Bd2
a6 9. Rb1 Rb8 10. Ne4 d6 11. Bc3 e5 12. a3 Nfe7 13. b4 f5 14. Neg5 h6 15. b5
axb5 16. cxb5 Nd4 17. e3 Nxf3+ 18. Nxf3 Be6 19. Qc2 Qd7 20. Rfd1 g5 21. Qb2 Nd5
22. Nd2 Qf7 23. Nc4 Nxc3 24. Qxc3 e4 25. Qd2 d5 26. Na5 Ra8 27. b6 exd3 28. Rb5
c4 29. a4 Rad8 30. Rc5 Rc8 31. Qb4 Rxc5 32. Qxc5 Rc8 33. Qb5 Bc3 34. Nxb7 Qxb7
35. a5 Bxa5 36. Qxa5 c3 0-1

[Event "Petrov Memorial op"]
[Site "St Petersburg"]
[Date "1996.??.??"]
[Round "2"]
[White "Riazantsev, Alexander"]
[Black "Balashov, Yuri S"]
[Result "0-1"]
[WhiteElo "2300"]
[BlackElo "2480"]
[PlyCount "78"]
[EventDate "1996.02.??"]
[EventType "swiss"]
[EventRounds "9"]
[EventCountry "RUS"]
[SourceTitle "CBM 052"]
[Source "ChessBase"]
[SourceDate "1996.06.01"]
[SourceVersion "1"]
[SourceVersionDate "1996.06.01"]
[SourceQuality "1"]

1. d4 Nf6 2. c4 e6 3. Nc3 Bb4 4. f3 c5 5. d5 d6 6. e4 O-O 7. Bd3 Nbd7 8. Bf4
exd5 9. cxd5 Re8 10. Nge2 Ne5 11. Bxe5 Rxe5 12. O-O a6 13. a4 Bd7 14. Kh1 Re8
15. Ng3 Rc8 16. Bc4 Rb8 17. Qc2 b5 18. axb5 axb5 19. Be2 h5 20. Rfb1 h4 21. Nf1
Ba5 22. Na2 Bb6 23. b3 Qe7 24. Nc1 Ra8 25. Qb2 Nh5 26. Nd3 Qg5 27. Qd2 Qf6 28.
Rxa8 Rxa8 29. f4 Qh6 30. Bxh5 Qxh5 31. Ne3 Qg6 32. Nf2 Qf6 33. Neg4 Qd4 34. Qc2
Ra1 35. h3 c4 36. Rxa1 Qxa1+ 37. Kh2 cxb3 38. Qxb3 Bxg4 39. hxg4 Bxf2 0-1

[Event "Moscow-ch"]
[Site "Moscow"]
[Date "1996.??.??"]
[Round "4"]
[White "Losev, Dmitry"]
[Black "Balashov, Yuri S"]
[Result "0-1"]
[WhiteElo "2375"]
[BlackElo "2530"]
[PlyCount "74"]
[EventDate "1996.08.??"]
[EventType "swiss"]
[EventRounds "11"]
[EventCountry "RUS"]
[SourceTitle "CBM 055 Extra"]
[Source "ChessBase"]
[SourceDate "1997.01.01"]
[SourceVersion "1"]
[SourceVersionDate "1997.01.01"]
[SourceQuality "1"]

1. e4 e5 2. Nf3 Nc6 3. Bc4 Bc5 4. c3 Nf6 5. d4 exd4 6. O-O d3 7. b4 Be7 8. e5
Ng4 9. Re1 d6 10. exd6 cxd6 11. Bxd3 O-O 12. Qc2 h6 13. Bf4 a5 14. b5 Nce5 15.
Nbd2 Nxd3 16. Qxd3 Ne5 17. Bxe5 dxe5 18. Nxe5 Bf6 19. Qc2 Qc7 20. Ndf3 Re8 21.
Rad1 Be6 22. Re3 Red8 23. Rde1 Qc5 24. a4 Rac8 25. h3 Qd5 26. Ng4 Bxg4 27. hxg4
g6 28. Ne5 Kg7 29. c4 Qd4 30. Rd3 Qc5 31. Rxd8 Rxd8 32. Nd3 Qd4 33. Re3 b6 34.
c5 bxc5 35. Qxc5 Qxa4 36. Rf3 Qd1+ 37. Kh2 Rxd3 0-1

[Event "Moscow-ch"]
[Site "Moscow"]
[Date "1996.??.??"]
[Round "7"]
[White "Balashov, Yuri S"]
[Black "Kastanieda, Georgiy"]
[Result "1-0"]
[WhiteElo "2530"]
[BlackElo "2395"]
[PlyCount "79"]
[EventDate "1996.08.??"]
[EventType "swiss"]
[EventRounds "11"]
[EventCountry "RUS"]
[SourceTitle "CBM 055 Extra"]
[Source "ChessBase"]
[SourceDate "1997.01.01"]
[SourceVersion "1"]
[SourceVersionDate "1997.01.01"]
[SourceQuality "1"]

1. e4 e6 2. Qe2 Nc6 3. Nf3 e5 4. c3 d6 5. g3 g6 6. d3 Bg7 7. Nbd2 Nge7 8. b4
O-O 9. Bg2 f5 10. Bb2 fxe4 11. dxe4 Be6 12. Ng5 Qd7 13. Nxe6 Qxe6 14. O-O Bh6
15. Nc4 Nd8 16. Ne3 Qf7 17. h4 a5 18. a3 Ne6 19. Bh3 axb4 20. axb4 Rxa1 21.
Rxa1 Nd8 22. Ng4 Bg7 23. Bc1 Kh8 24. Bg2 Qb3 25. Ra3 Qe6 26. Ne3 Qf7 27. Qa2
Qe8 28. Ra8 Qd7 29. Qa4 Qe6 30. Bf1 c6 31. Qa5 Qd7 32. Bg2 Bh6 33. Qa2 d5 34.
exd5 cxd5 35. Qe2 Qd6 36. Nc4 dxc4 37. Bxh6 Re8 38. Qxc4 Nf5 39. Bg5 Kg7 40.
Qd5 1-0

[Event "Moscow-ch"]
[Site "Moscow"]
[Date "1996.??.??"]
[Round "9"]
[White "Balashov, Yuri S"]
[Black "Frolov, Denis"]
[Result "1-0"]
[WhiteElo "2530"]
[BlackElo "2340"]
[PlyCount "61"]
[EventDate "1996.08.??"]
[EventType "swiss"]
[EventRounds "11"]
[EventCountry "RUS"]
[SourceTitle "CBM 055 Extra"]
[Source "ChessBase"]
[SourceDate "1997.01.01"]
[SourceVersion "1"]
[SourceVersionDate "1997.01.01"]
[SourceQuality "1"]

1. e4 e5 2. Nf3 Nc6 3. Bb5 a6 4. Ba4 Nf6 5. O-O Be7 6. Re1 b5 7. Bb3 O-O 8. a4
Bb7 9. d3 d6 10. Nbd2 Na5 11. Ba2 c5 12. Nf1 Re8 13. Ng3 h6 14. Nf5 Bf8 15. Bd2
b4 16. N3h4 d5 17. Qf3 Re6 18. Qg3 Kh7 19. Nf3 Nh5 20. Qg4 g6 21. Ne3 Nf6 22.
Qh4 Re8 23. exd5 Nxd5 24. Nxd5 Bxd5 25. Bxd5 Qxd5 26. Ng5+ Kh8 27. Ne4 Qd8 28.
Bg5 Qb6 29. Bxh6 Bxh6 30. Qxh6+ Kg8 31. Re3 1-0

[Event "Moscow-ch"]
[Site "Moscow"]
[Date "1996.??.??"]
[Round "10"]
[White "Gorelov, Sergey G"]
[Black "Balashov, Yuri S"]
[Result "0-1"]
[WhiteElo "2485"]
[BlackElo "2530"]
[PlyCount "110"]
[EventDate "1996.08.??"]
[EventType "swiss"]
[EventRounds "11"]
[EventCountry "RUS"]
[SourceTitle "CBM 055 Extra"]
[Source "ChessBase"]
[SourceDate "1997.01.01"]
[SourceVersion "1"]
[SourceVersionDate "1997.01.01"]
[SourceQuality "1"]

1. e4 e5 2. Nf3 Nc6 3. d4 exd4 4. Nxd4 Bc5 5. Nxc6 Qf6 6. Qd2 dxc6 7. Nc3 Be6
8. Na4 Rd8 9. Bd3 Bd4 10. O-O Qh4 11. Qg5 Qxg5 12. Bxg5 Ne7 13. Bf4 b5 14. Nc3
Rd7 15. Bc1 Ng6 16. a4 b4 17. Ne2 Bc5 18. Nf4 Ne5 19. g3 Bg4 20. Be2 Bxe2 21.
Nxe2 O-O 22. Bf4 Nf3+ 23. Kg2 Nd2 24. Rfd1 Rfd8 25. f3 f6 26. h4 Nc4 27. Rxd7
Rxd7 28. b3 Ne3+ 29. Bxe3 Bxe3 30. f4 Rd2 31. Kf3 Bc5 32. h5 a5 33. Rc1 Kf7 34.
c3 Rd3+ 35. Kg4 Re3 36. cxb4 Bxb4 37. Nd4 c5 38. Nf5 Rxe4 39. Rd1 g6 40. hxg6+
hxg6 41. Nh4 c4 42. bxc4 Rxc4 43. Rd7+ Ke6 44. Rh7 g5 45. Nf5 gxf4 46. gxf4 Bd6
47. Ng7+ Kd5 48. Nh5 Kc5 49. Rf7 Kb4 50. Rxf6 Kxa4 51. Ng7 Be5 52. Rf7 Kb3 53.
Ne6 a4 54. Kg5 Bd6 55. Rh7 a3 0-1

[Event "BL2-West 9697"]
[Site "Germany"]
[Date "1997.??.??"]
[Round "?.1"]
[White "Balashov, Yuri S"]
[Black "Cuijpers, Frans Andre"]
[Result "1-0"]
[WhiteElo "2510"]
[BlackElo "2435"]
[PlyCount "85"]
[EventDate "1996.10.??"]
[EventType "team-tourn"]
[EventRounds "9"]
[EventCountry "GER"]
[SourceTitle "GER-chT2"]
[Source "ChessBase"]
[SourceDate "1999.07.01"]
[SourceVersion "1"]
[SourceVersionDate "1999.07.01"]
[SourceQuality "1"]
[WhiteTeam "Plettenberg"]
[BlackTeam "Muenster"]
[WhiteTeamCountry "GER"]
[BlackTeamCountry "GER"]

1. e4 d6 2. Nc3 g6 3. g3 Bg7 4. Bg2 h5 5. h3 c6 6. d4 e5 7. dxe5 dxe5 8. Qxd8+
Kxd8 9. f4 Be6 10. Nf3 Nd7 11. Be3 Kc7 12. O-O-O Ne7 13. Ng5 h4 14. g4 Bh6 15.
Nd5+ cxd5 16. exd5 Nxd5 17. Bxd5 Bxd5 18. Rxd5 Bxg5 19. fxg5 Rae8 20. Rhd1 Re7
21. Bd2 Nb6 22. Rc5+ Kb8 23. Bb4 e4 24. Rc3 Re6 25. Bd6+ Ka8 26. Bf4 Rhe8 27.
b3 Rc6 28. Re3 a6 29. Rd4 Rce6 30. Kd2 R6e7 31. Rc3 Nc8 32. Ke3 Na7 33. Rcc4 b5
34. Rc5 Kb7 35. a4 Kb6 36. Rc3 Re6 37. a5+ Kb7 38. Rc7+ Ka8 39. Rxf7 Nc6 40.
Rdd7 Ne7 41. b4 Nc6 42. c3 Ne7 43. Rf6 1-0

[Event "RUS-ch"]
[Site "Elista"]
[Date "1996.??.??"]
[Round "6"]
[White "Shovunov, Baatr"]
[Black "Balashov, Yuri S"]
[Result "0-1"]
[WhiteElo "2320"]
[BlackElo "2530"]
[PlyCount "102"]
[EventDate "1996.10.15"]
[EventType "swiss"]
[EventRounds "11"]
[EventCountry "RUS"]
[SourceTitle "CBM 056"]
[Source "ChessBase"]
[SourceDate "1997.02.01"]
[SourceVersion "1"]
[SourceVersionDate "1997.02.01"]
[SourceQuality "1"]

1. d4 Nf6 2. c4 e6 3. Nc3 d5 4. Nf3 Nbd7 5. g3 c6 6. Bg2 dxc4 7. a4 Qa5 8. Nd2
Nb6 9. e4 Bb4 10. Qc2 e5 11. dxe5 Ng4 12. O-O Nxe5 13. Nd1 Bg4 14. Ne3 Be2 15.
Nb3 cxb3 16. Qxe2 O-O-O 17. Nf5 g6 18. Nh6 Rhf8 19. Bf4 f6 20. Rfd1 Bd6 21. Bd2
Qa6 22. Qxa6 bxa6 23. Bf1 Nf3+ 24. Kg2 Nxd2 25. Bxa6+ Kc7 26. Rxd2 Bb4 27. Re2
Rd2 28. Ng4 h5 29. Ne3 Rfd8 30. a5 Nd7 31. Rxd2 Bxd2 32. Nf1 Nc5 33. Bc4 g5 34.
f3 Rd7 35. a6 Bb4 36. Kf2 Kb6 37. Ke2 h4 38. g4 Rd4 39. Bf7 Kc7 40. h3 Nd3 41.
Bxb3 Nf4+ 42. Kf2 Bc5 43. Ke1 Nxh3 44. Rd1 Bb4+ 45. Ke2 Nf4+ 46. Ke3 Rxd1 47.
Bxd1 Bc5+ 48. Kd2 Bd4 49. Kc1 Kb6 50. Ba4 Be5 51. Kc2 Ne6 0-1

[Event "RUS-Cup01 Chigorin Memorial"]
[Site "St Petersburg"]
[Date "1996.??.??"]
[Round "5"]
[White "Balashov, Yuri S"]
[Black "Savon, Vladimir A"]
[Result "1-0"]
[WhiteElo "2530"]
[BlackElo "2435"]
[PlyCount "79"]
[EventDate "1996.11.??"]
[EventType "swiss"]
[EventRounds "9"]
[EventCountry "RUS"]
[SourceTitle "CBM 056 Extra"]
[Source "ChessBase"]
[SourceDate "1997.03.01"]
[SourceVersion "1"]
[SourceVersionDate "1997.03.01"]
[SourceQuality "1"]

1. e4 c5 2. Nc3 d6 3. Bb5+ Bd7 4. a4 g6 5. d3 Bg7 6. Bg5 Nc6 7. Nge2 h6 8. Be3
Nd4 9. O-O Bxb5 10. Bxd4 cxd4 11. Nxb5 e5 12. c3 Ne7 13. cxd4 exd4 14. Qb3 O-O
15. Nbxd4 d5 16. Rad1 Qd7 17. Nf3 Rac8 18. e5 Nc6 19. d4 Na5 20. Qb4 b6 21. Rc1
g5 22. h3 Rfd8 23. Rxc8 Rxc8 24. Rc1 Rxc1+ 25. Nxc1 Qc6 26. Nd3 Qc2 27. Nde1
Qe4 28. Qc3 Bf8 29. Kf1 Nc4 30. b3 Na5 31. Nd2 Qg6 32. Nc2 Nc6 33. f3 a5 34.
Ke2 Qxc2 35. Qxc2 Nxd4+ 36. Kd3 Nxc2 37. Kxc2 Bb4 38. Nf1 Kf8 39. Ne3 d4 40.
Nf5 1-0

[Event "RUS-Cup2"]
[Site "Moscow"]
[Date "1996.??.??"]
[Round "2"]
[White "Mozaliov, Sergey V"]
[Black "Balashov, Yuri S"]
[Result "0-1"]
[WhiteElo "2300"]
[BlackElo "2530"]
[PlyCount "62"]
[EventDate "1996.11.28"]
[EventType "swiss"]
[EventRounds "9"]
[EventCountry "RUS"]
[SourceTitle "CBM 056 Extra"]
[Source "ChessBase"]
[SourceDate "1997.03.01"]
[SourceVersion "1"]
[SourceVersionDate "1997.03.01"]
[SourceQuality "1"]

1. e4 c5 2. Nf3 Nc6 3. d4 cxd4 4. Nxd4 Qb6 5. Nb3 Nf6 6. Nc3 e6 7. Be3 Qc7 8.
a3 a6 9. f4 d6 10. Bd3 b5 11. O-O Be7 12. Qf3 Bb7 13. Qh3 b4 14. axb4 Nxb4 15.
Na5 Bc8 16. Nc4 Nxd3 17. cxd3 O-O 18. Nb6 Rb8 19. Nxc8 Qxc8 20. Rf2 Bd8 21. f5
exf5 22. exf5 Re8 23. Kh1 Qc6 24. Bg5 h6 25. Bf4 Bb6 26. Rc2 Bd4 27. Qf3 Rbc8
28. h3 Qxf3 29. gxf3 Nd5 30. Bxd6 Ne3 31. Re2 Nxf5 0-1

[Event "RUS-Cup2"]
[Site "Moscow"]
[Date "1996.??.??"]
[Round "3"]
[White "Balashov, Yuri S"]
[Black "Gelman, Alexander"]
[Result "1-0"]
[WhiteElo "2530"]
[BlackElo "2400"]
[PlyCount "95"]
[EventDate "1996.11.28"]
[EventType "swiss"]
[EventRounds "9"]
[EventCountry "RUS"]
[SourceTitle "CBM 056 Extra"]
[Source "ChessBase"]
[SourceDate "1997.03.01"]
[SourceVersion "1"]
[SourceVersionDate "1997.03.01"]
[SourceQuality "1"]

1. e4 d6 2. Nc3 Nf6 3. g3 c5 4. Bg2 Nc6 5. d3 g6 6. f4 Bg7 7. Nf3 O-O 8. O-O
Bg4 9. h3 Bxf3 10. Qxf3 Nd4 11. Qf2 Nd7 12. g4 Rc8 13. Nd5 b5 14. f5 Nc6 15.
Kh1 e6 16. Nf4 c4 17. dxc4 bxc4 18. g5 Be5 19. c3 Nc5 20. Qh4 exf5 21. exf5 Ne7
22. fxg6 fxg6 23. Be3 Qd7 24. Qg4 Nf5 25. Bf2 Kh8 26. Rad1 Qb5 27. Rd2 Rce8 28.
Kg1 Bg7 29. Nd5 Rf7 30. Re2 Rxe2 31. Qxe2 Nd3 32. b3 Nxf2 33. Rxf2 Be5 34. Qxc4
Qxc4 35. bxc4 Kg7 36. Rb2 h6 37. gxh6+ Kxh6 38. Rf2 Rb7 39. Be4 Ne7 40. Rf7
Nxd5 41. Rxb7 Nxc3 42. Bb1 Bd4+ 43. Kg2 Bb6 44. Bc2 Nxa2 45. Re7 Nb4 46. Be4
Kg5 47. Re6 Bc5 48. Kg3 1-0

[Event "RUS-Cup2"]
[Site "Moscow"]
[Date "1996.??.??"]
[Round "5"]
[White "Balashov, Yuri S"]
[Black "Iskusnyh, Sergei"]
[Result "1-0"]
[WhiteElo "2530"]
[BlackElo "2460"]
[PlyCount "51"]
[EventDate "1996.11.28"]
[EventType "swiss"]
[EventRounds "9"]
[EventCountry "RUS"]
[SourceTitle "CBM 056 Extra"]
[Source "ChessBase"]
[SourceDate "1997.03.01"]
[SourceVersion "1"]
[SourceVersionDate "1997.03.01"]
[SourceQuality "1"]

1. e4 c5 2. b3 e5 3. Bb2 Nc6 4. Bc4 d6 5. Nc3 Be7 6. Nge2 Be6 7. O-O Qd7 8. f4
exf4 9. Nd5 Bxd5 10. exd5 Ne5 11. Nxf4 O-O-O 12. Be2 Kb8 13. d4 cxd4 14. Bxd4
Nf6 15. c4 Rc8 16. Rc1 h5 17. b4 Rh6 18. Qb3 Rd8 19. Qa3 a6 20. b5 Qc7 21. b6
Qd7 22. c5 g5 23. Bxa6 gxf4 24. Bd3 Nc6 25. dxc6 bxc6 26. b7 1-0

[Event "RUS-Cup2"]
[Site "Moscow"]
[Date "1996.??.??"]
[Round "9"]
[White "Balashov, Yuri S"]
[Black "Zagrebelny, Sergey"]
[Result "1-0"]
[WhiteElo "2530"]
[BlackElo "2480"]
[PlyCount "59"]
[EventDate "1996.11.28"]
[EventType "swiss"]
[EventRounds "9"]
[EventCountry "RUS"]
[SourceTitle "CBM 056 Extra"]
[Source "ChessBase"]
[SourceDate "1997.03.01"]
[SourceVersion "1"]
[SourceVersionDate "1997.03.01"]
[SourceQuality "1"]

1. e4 c5 2. Nc3 d6 3. Bb5+ Bd7 4. a4 g6 5. d3 Bg7 6. Bg5 Nc6 7. Nge2 Nd4 8. O-O
Nxb5 9. axb5 h6 10. Be3 Nf6 11. Qc1 Ng4 12. Bd2 f5 13. h3 Ne5 14. f4 Nf7 15.
exf5 gxf5 16. Be3 O-O 17. d4 b6 18. Qd2 e6 19. Ng3 Qe8 20. Qd3 Nd8 21. Bf2 Nb7
22. Rfe1 Qf7 23. dxc5 bxc5 24. Qf3 d5 25. Nh5 Bh8 26. Ra6 d4 27. Nd5 exd5 28.
Qg3+ Kh7 29. Re7 Be8 30. Qg6# 1-0

[Event "Moscow-ch"]
[Site "Moscow"]
[Date "1997.??.??"]
[Round "1"]
[White "Balashov, Yuri S"]
[Black "Bahtin, Vladimir"]
[Result "1-0"]
[WhiteElo "2510"]
[BlackElo "2305"]
[PlyCount "69"]
[EventDate "1997.??.??"]
[EventType "swiss"]
[EventRounds "9"]
[EventCountry "RUS"]
[SourceTitle "EXT 2000"]
[Source "ChessBase"]
[SourceDate "1999.11.16"]
[SourceVersion "1"]
[SourceVersionDate "1999.11.16"]
[SourceQuality "1"]

1. c4 c5 2. Nf3 Nc6 3. Nc3 g6 4. e3 Nf6 5. d4 cxd4 6. exd4 d6 7. d5 Nb8 8. Be2
Bg7 9. O-O O-O 10. Bg5 Na6 11. Rc1 Nc5 12. Nd4 Nfe4 13. Nxe4 Nxe4 14. Be3 Bd7
15. f3 Nc5 16. b4 Na6 17. Qd2 Re8 18. f4 Nc7 19. Bf3 Rb8 20. Rfe1 a6 21. Nb3
Ba4 22. Na5 Qd7 23. c5 dxc5 24. bxc5 Qc8 25. Qb4 Bd7 26. Nc4 Na8 27. Ne5 f6 28.
Nxd7 Qxd7 29. Red1 Nc7 30. Qc4 Qb5 31. Be2 Qxc4 32. Bxc4 Kf8 33. f5 gxf5 34.
Bf4 Rbc8 35. d6 1-0

[Event "Moscow-ch"]
[Site "Moscow"]
[Date "1997.??.??"]
[Round "5"]
[White "Balashov, Yuri S"]
[Black "Gelman, Alexander"]
[Result "1-0"]
[WhiteElo "2510"]
[BlackElo "2415"]
[PlyCount "111"]
[EventDate "1997.??.??"]
[EventType "swiss"]
[EventRounds "9"]
[EventCountry "RUS"]
[SourceTitle "EXT 2000"]
[Source "ChessBase"]
[SourceDate "1999.11.16"]
[SourceVersion "1"]
[SourceVersionDate "1999.11.16"]
[SourceQuality "1"]

1. d4 g6 2. c4 d6 3. Nc3 Nd7 4. e4 e5 5. Nge2 Bg7 6. Be3 c6 7. Qd2 Ngf6 8. f3
O-O 9. d5 cxd5 10. cxd5 a6 11. g4 b5 12. Ng3 Nb6 13. b3 Nfd7 14. h4 Re8 15. h5
Nf8 16. Nd1 Bf6 17. Nf2 Bd7 18. g5 Bg7 19. Ng4 Rc8 20. hxg6 fxg6 21. Nh6+ Bxh6
22. Rxh6 Rb8 23. Rc1 Re7 24. Nh1 Rf7 25. Be2 Rc8 26. Rxc8 Bxc8 27. Nf2 Nfd7 28.
Qc3 Na8 29. Ng4 Qc7 30. Qxc7 Nxc7 31. Rh1 Kf8 32. Kf2 Ke8 33. Rc1 Kd8 34. Kg3
Ne8 35. f4 exf4+ 36. Bxf4 Re7 37. Bf3 Nc5 38. Nf2 Rc7 39. Bd2 Nb7 40. Nd3 Rxc1
41. Bxc1 Bd7 42. b4 a5 43. Bd2 axb4 44. Bxb4 Nc7 45. Kf4 Bh3 46. Nf2 Bd7 47. e5
Na6 48. a3 dxe5+ 49. Kxe5 Nbc5 50. Ba5+ Ke8 51. d6 Kf7 52. Bd5+ Kg7 53. Bb4 Kf8
54. Kd4 Ne6+ 55. Bxe6 Bxe6 56. d7+ 1-0

[Event "Moscow-ch"]
[Site "Moscow"]
[Date "1997.??.??"]
[Round "6"]
[White "Kornev, Alexei"]
[Black "Balashov, Yuri S"]
[Result "0-1"]
[WhiteElo "2380"]
[BlackElo "2510"]
[PlyCount "66"]
[EventDate "1997.??.??"]
[EventType "swiss"]
[EventRounds "9"]
[EventCountry "RUS"]
[SourceTitle "EXT 2000"]
[Source "ChessBase"]
[SourceDate "1999.11.16"]
[SourceVersion "1"]
[SourceVersionDate "1999.11.16"]
[SourceQuality "1"]

1. e4 e5 2. Nf3 Nc6 3. Bb5 a6 4. Bxc6 dxc6 5. O-O Qd6 6. d4 exd4 7. Nxd4 Bd7 8.
Be3 O-O-O 9. Qe2 Nh6 10. f3 f5 11. Nc3 Qe5 12. Rad1 fxe4 13. Nxe4 Ng4 14. fxg4
Qxe4 15. h3 Bd6 16. Qd3 Qxd3 17. cxd3 Rde8 18. Bf2 Rhf8 19. Rde1 Be5 20. Re4 c5
21. Nf3 Bxb2 22. Bxc5 Rxe4 23. dxe4 Re8 24. Rf2 Bc1 25. e5 Bf4 26. Re2 b6 27.
Bf2 Bc6 28. e6 Bd5 29. e7 c5 30. a4 a5 31. Bh4 h6 32. Ne5 g5 33. Ng6 Bc7 0-1

[Event "Moscow-ch"]
[Site "Moscow"]
[Date "1997.??.??"]
[Round "8"]
[White "Balashov, Yuri S"]
[Black "Lastin, Alexander"]
[Result "1-0"]
[WhiteElo "2510"]
[BlackElo "2535"]
[PlyCount "63"]
[EventDate "1997.??.??"]
[EventType "swiss"]
[EventRounds "9"]
[EventCountry "RUS"]
[SourceTitle "EXT 2000"]
[Source "ChessBase"]
[SourceDate "1999.11.16"]
[SourceVersion "1"]
[SourceVersionDate "1999.11.16"]
[SourceQuality "1"]

1. e4 d5 2. exd5 Qxd5 3. Nc3 Qa5 4. d4 Nf6 5. Bc4 c6 6. Bd2 Bg4 7. f3 Bc8 8.
Qe2 Qc7 9. O-O-O Nbd7 10. Nh3 Nb6 11. Bf4 Qd8 12. d5 Nfxd5 13. Bxd5 Nxd5 14.
Rxd5 cxd5 15. Nb5 Bxh3 16. Nd6+ Qxd6 17. Bxd6 Bd7 18. Re1 e6 19. Qe5 Bxd6 20.
Qxd6 O-O-O 21. Re3 Rhe8 22. Ra3 a6 23. Rc3+ Bc6 24. Rxc6+ bxc6 25. Qxc6+ Kb8
26. Qb6+ Ka8 27. Qxa6+ Kb8 28. Qb6+ Ka8 29. Qc7 e5 30. b4 e4 31. b5 Rc8 32.
Qxf7 1-0

[Event "Regensburg op"]
[Site "Regensburg"]
[Date "1997.??.??"]
[Round "4"]
[White "Balashov, Yuri S"]
[Black "Schoellmann, Jochen"]
[Result "1-0"]
[WhiteElo "2510"]
[BlackElo "2375"]
[PlyCount "119"]
[EventDate "1997.??.??"]
[EventType "swiss"]
[EventRounds "9"]
[EventCountry "GER"]
[SourceTitle "EXT 2001"]
[Source "ChessBase"]
[SourceDate "2000.11.22"]
[SourceVersion "1"]
[SourceVersionDate "2000.11.22"]
[SourceQuality "1"]

1. e4 c5 2. b3 Nc6 3. Bb2 e5 4. Bc4 Nf6 5. Nc3 Nxe4 6. Nxe4 d5 7. Bd3 dxe4 8.
Bxe4 Qc7 9. Qh5 Nd4 10. Nf3 Bd6 11. Nxd4 cxd4 12. c3 g6 13. Qh6 Bf8 14. Qh4 Be7
15. Qg3 dxc3 16. Qxc3 Qxc3 17. Bxc3 f6 18. O-O Kf7 19. f4 exf4 20. Rxf4 Rd8 21.
Raf1 Rd6 22. Bb4 Rb6 23. Bxe7 Kxe7 24. Rh4 f5 25. Rxh7+ Kf6 26. Bf3 Be6 27.
Rxb7 Ra6 28. Rc7 Rd8 29. Rc2 Rad6 30. Rd1 a5 31. Be2 Bd5 32. d4 Rb8 33. Bf3
Bxf3 34. gxf3 a4 35. Rd3 axb3 36. axb3 f4 37. Kg2 Rd5 38. Rc5 Ke6 39. Rxd5 Kxd5
40. Kh3 Rh8+ 41. Kg4 Rxh2 42. Kxf4 Rh8 43. Kg5 Rg8 44. b4 Rb8 45. Kxg6 Rxb4 46.
Rd1 Rb6+ 47. Kf5 Rb8 48. f4 Rf8+ 49. Kg4 Rg8+ 50. Kf3 Rf8 51. Rd2 Rf7 52. Kg4
Rg7+ 53. Kf5 Rg8 54. Rf2 Kxd4 55. Ke6 Rg6+ 56. Kf7 Ra6 57. f5 Ke5 58. f6 Ra1
59. Kf8 Ke6 60. f7 1-0

[Event "Regensburg op"]
[Site "Regensburg"]
[Date "1997.??.??"]
[Round "7"]
[White "Bunzmann, Dimitrij"]
[Black "Balashov, Yuri S"]
[Result "0-1"]
[WhiteElo "2385"]
[BlackElo "2510"]
[PlyCount "78"]
[EventDate "1997.??.??"]
[EventType "swiss"]
[EventRounds "9"]
[EventCountry "GER"]
[SourceTitle "EXT 2001"]
[Source "ChessBase"]
[SourceDate "2000.11.22"]
[SourceVersion "1"]
[SourceVersionDate "2000.11.22"]
[SourceQuality "1"]

1. Nf3 c5 2. b3 b6 3. c4 Bb7 4. e3 Nf6 5. Bb2 e6 6. Be2 Be7 7. O-O O-O 8. Nc3
d6 9. d4 a6 10. a4 Nbd7 11. d5 e5 12. Ne1 Ne8 13. e4 g6 14. Nd3 Ng7 15. f4 exf4
16. Rxf4 Bf6 17. e5 Bxe5 18. Nxe5 Nxe5 19. Qf1 f5 20. Re1 Qe7 21. Kh1 Rae8 22.
Bd1 Bc8 23. Rf2 Qh4 24. Rf4 Qh6 25. Be2 Nd3 26. Bxd3 Rxe1 27. Qxe1 Qxf4 28. Ne2
Qe3 29. Qc3 Rf7 30. Bc1 Qe5 31. Qd2 f4 32. Nxf4 Bf5 33. Bxf5 Nxf5 34. Ne2 Nd4
35. Ng3 Nxb3 36. Qe3 Nxc1 37. Qxc1 Re7 38. Nf1 Qe1 39. Qf4 Rf7 0-1